Introducción a la ciencia literaria

Gespeichert in:
Bibliographische Detailangaben
1. Verfasser: Wehrli, Max (VerfasserIn)
Format: Buch
Sprache:Spanisch
Veröffentlicht: Buenos Aires Nova 1966
Schriftenreihe:Arte y Ciencia de la Expresión
Schlagworte:
Tags: Tag hinzufügen
Keine Tags, Fügen Sie den ersten Tag hinzu!

MARC

LEADER 00000nam a2200000 a 4500
001 UCX5926
003 CL-VaPUC
008 930310e19660000AG |||||||||||||||||spa|d
082 0 4 |a 831.09  |b WEH  |2 21 
100 0 |a Wehrli, Max  |e author  |9 322273 
245 1 0 |a Introducción a la ciencia literaria 
300 |a 216 p 
942 |c BK 
945 |d 19930310 00:00:00 
260 |a Buenos Aires  |b Nova  |c 1966 
650 0 |a Literatura alemana   |9 265457 
650 0 |a Crítica literaria   |9 269189 
650 7 |a POESIA ALEMANA  |2 CL-VaPUC  |9 322274 
583 |a last modification  |c 19930310 00:00:00  |k Rodrigo Vera 
490 0 |a Arte y Ciencia de la Expresión 
999 |c 226045  |d 226043 
952 |0 0  |1 0  |4 0  |6 831_090000000000000_WEH_1966  |7 0  |8 A  |9 224088  |a BIBEDU  |b BIBEDU  |d 2019-11-15  |i 2929279  |o 831.09 WEH 1966  |p 2929279  |r 2019-11-15  |w 2019-11-15  |y BK  |k LIT